| 000 | nam a22 a 4500 | ||
|---|---|---|---|
| 999 |
_c729 _d729 |
||
| 003 | AKMAL | ||
| 005 | 20170505120501.0 | ||
| 008 | 170505s1994 my 00 may d | ||
| 020 |
_a9839017918 (kkt.): _cRM 10.00 |
||
| 040 | _aAKMAL | ||
| 082 | 0 | 4 | _a297.1 JOH |
| 090 |
_a297.1 _bJOH |
||
| 100 | 1 |
_aJohari Haji Alias _91566 |
|
| 245 | 1 | 0 |
_aMengurus keduniaan : _bqana'ah (redha), miskin, kaya, mewarnakan cara hidup umat Islam / _cJohari Haji Alias |
| 260 |
_aKuala Lumpur : _bDarul Nu'man, _c1994 |
||
| 300 |
_avii, 261ms. : _b; _c21cm |
||
| 500 | _aMengandungi ayat-ayat dari Quran | ||
| 650 |
_aIslam _xCustoms and practices _91330 |
||
| 650 |
_aIslam _xDoctrines _9894 |
||
| 942 |
_2ddc _cBOOK |
||